Normal view
MARC view
- Interdisciplinary approach in education.
Entry Topical Term
001 - CONTROL NUMBER
- control field: 4307
003 - CONTROL NUMBER IDENTIFIER
- control field: NUST
005 - DATE AND TIME OF LATEST TRANSACTION
- control field: 20170825173222.0
008 - FIXED-LENGTH DATA ELEMENTS
- fixed length control field: 170825|| aca||aabn | a|a d
040 ## - CATALOGING SOURCE
- Original cataloging agency: NUST
- Transcribing agency: NUST
150 ## - HEADING--TOPICAL TERM
- Topical term or geographic name entry element: Interdisciplinary approach in education.
670 ## - SOURCE DATA FOUND
- Source citation: Work cat.: (NUST)0: Pica, Rae, 1953- 4304, Moving & learning across the curriculum :, c2007.
